书目信息 |
| 题名: |
经济地理学导论
|
|
| 作者: | ;华东师范大学 编 | |
| 分册: | ||
| 出版信息: | 上海 华东师范大学出版社 1986.05 |
|
| 页数: | 211页 | |
| 开本: | 26cm | |
| 丛书名: | ||
| 单 册: | ||
| 中图分类: | F119.9 | |
| 科图分类: | ||
| 主题词: | 经济地理学--概论 | |
| 电子资源: | ||
| ISBN: | 7-5617-0026-1 | |
| 000 | 00673nam0 2200241 45 | |
| 001 | 0182008704 | |
| 005 | 20040425081641.4 | |
| 010 | @a7-5617-0026-1@dCNY3.10 | |
| 100 | @a19950427d1986 em y0chiy0121 ea | |
| 101 | 0 | @achi |
| 102 | @aCN@b310000 | |
| 105 | @ay z 000yy | |
| 106 | @ar | |
| 200 | 10 | @a经济地理学导论@Ajing ji di li xue dao lun@f华东师范大学编 |
| 205 | @a2版 | |
| 210 | @a上海@c华东师范大学出版社@d1986.05 | |
| 215 | @a211页@d26cm | |
| 606 | @a经济地理学@x概论 | |
| 690 | @aF119.9@v3 | |
| 711 | 02 | @a华东师范大学@Ahua dong shi fan da xue@4编 |
| 801 | 0 | @aCN@b上海图书馆@c20040425 |
| 801 | 2 | @aCN@bNLC@c20040425 |
| 905 | @dF119.9@e50=2@f2@b236430-431 | |
| 经济地理学导论/华东师范大学编.-2版.-上海:华东师范大学出版社,1986.05 |
| 211页;26cm |
| ISBN 7-5617-0026-1:CNY3.10 |
| ● |
| 相关链接 |
|
|
|
|
正题名:经济地理学导论
索取号:F119.9/50=2
 
预约/预借
| 序号 | 登录号 | 条形码 | 馆藏地/架位号 | 状态 | 备注 |
| 1 | 0236430 | 000196996 | 密集书库/ [索取号:F119.9/50=2] | 在馆 | |
| 2 | 0236431 | 001927650 | 密集书库/ [索取号:F119.9/50=2] | 在馆 | |
| 3 | 0236432 | 000196950 | 第一样本阅览室/ [索取号:F119.9/50=2] | 在馆 |